Blue Lock : Compo Blue Lock & U20 Japan - Statistiques

Statistiques générales
  • Ce quiz a été pris 525 fois
  • Le résultat moyen est 18 sur 35
Statistiques - réponses
Équipe Composition Joueur % Correct
Blue Lock Eleven Titulaire Yoichi Isagi
99%
Blue Lock Eleven Titulaire Itoshi Rin
97%
Blue Lock Eleven Remplaçant Shoei Baro
89%
Blue Lock Eleven Titulaire Seishiro Nagi
88%
Blue Lock Eleven Titulaire Meguru Bachira
87%
Blue Lock Eleven Remplaçant Mikage Reo
87%
Blue Lock Eleven Titulaire Hyoma Chigiri
86%
Blue Lock Eleven Titulaire Gin Gagamaru
85%
U20 Japon Titulaire Itoshi Sae
85%
U20 Japon Remplaçant Ryusei Shido
83%
Blue Lock Eleven Titulaire Ikki Niko
80%
Blue Lock Eleven Titulaire Tabito Karasu
79%
U20 Japon Titulaire Oliver Aiku
77%
Blue Lock Eleven Titulaire Eita Otoya
72%
Blue Lock Eleven Titulaire Jyubei Aryu
71%
Blue Lock Eleven Remplaçant Yo Hiori
66%
Blue Lock Eleven Réserviste Jingo Raichi
60%
Blue Lock Eleven Titulaire Kenyu Yukimiya
58%
U20 Japon Titulaire Shuto Sendo
56%
Blue Lock Eleven Réserviste Ranze Kurona
38%
Blue Lock Eleven Réserviste Gurimu Igarashi
34%
Blue Lock Eleven Réserviste Nijiro Nanase
33%
U20 Japon Titulaire Gen Fukaku
28%
Blue Lock Eleven Réserviste Aoshi Tokimitsu
25%
U20 Japon Titulaire Miroku Darai
25%
Blue Lock Eleven Réserviste Tsurugi Zantetsu
24%
U20 Japon Titulaire Teppei Neru
23%
U20 Japon Titulaire Kazuma Nio
18%
Blue Lock Eleven Réserviste Kiyora Jin
16%
U20 Japon Titulaire Kento Cho
15%
Blue Lock Eleven Réserviste Reiji Hiiragi
9%
Blue Lock Eleven Réserviste Yukio Ishikari
7%
U20 Japon Titulaire Kitsunezato Teru
5%
U20 Japon Titulaire Wakatsuki Itsuki
5%
U20 Japon Titulaire Hayate Haru
4%
Aucun quiz correspondant
Distribution des résultats
% des personnes avec chaque résultat
Percentile par nombre de réponses
Votre historique - résultats
Vous n’avez pas pris ce quiz